Biggest Cities Starting with I by Country - Statistics

General Stats
  • This quiz has been taken 160 times
  • The average score is 11 of 115
Answers on the Map
Answers color-coded by a green-red scale on the quiz's map according to % correct below.
 
Answer Stats
Country City Population % Correct
United States Indianapolis 876,384
93%
Turkey Istanbul 15,113,808
93%
Pakistan Islamabad 1,009,832
74%
Nigeria Ibadan 1,835,300
68%
Austria Innsbruck 131,961
67%
South Korea Incheon 3,029,285
64%
Iran Isfahan 1,961,260
63%
United Kingdom Ipswich 148,742
53%
India Indore 2,170,295
44%
Romania Iași 290,422
35%
Germany Ingolstadt 137,392
34%
Peru Iquitos 422,900
30%
New Zealand Invercargill 50,200
26%
Malaysia Ipoh 536,832
24%
Russia Izhevsk 648,146
24%
Jordan Irbid 502,714
21%
Italy Imola 70,000
20%
Chile Iquique 294,949
19%
Egypt Ismaïlia 397,446
17%
Colombia Ibagué 502,000
16%
Greece Ioánnina 85,803
16%
Ukraine Ivano-Frankivsk 237,686
16%
Syria Idlib 98,791
15%
Bahrain Isa Town 36,833
15%
Philippines Iloilo 550,767
14%
Mexico Irapuato 404,700
13%
Spain Irun 62,910
13%
Yemen Ibb 212,992
10%
Netherlands IJmuiden 117,440
10%
France Issy-les-Moulineaux 68,451
10%
Mozambique Inhambane 82,119
8%
Ecuador Ibarra 131,856
7%
Japan Ichikawa 492,752
7%
Poland Inowrocław 72,561
7%
Belgium Ixelles 87,632
7%
Brazil Itaquaquecetuba 375,010
5%
Finland Imatra 26,508
4%
Republic of the Congo Impfondo 33,911
4%
Canada Innisfil 23,992
4%
Tanzania Iringa 151,345
4%
Jamaica Islington 2,868
4%
Iceland Ísafjörður 2,685
3%
D. R. Congo Isiro 147,524
3%
Bosnia and Herzegovina Ilidža 63,528
2%
El Salvador Ilopango 143,000
2%
Morocco Inezgane 130,333
2%
Moldova Ialoveni 12,515
1%
Uganda Ibanda 117,700
1%
Oman Ibri 55,419
1%
Montenegro Igalo 3,355
1%
Lithuania Ignalina 4,837
1%
Madagascar Ihosy 38,917
1%
Bulgaria Ihtiman 13,297
1%
Armenia Ijevan 20,300
1%
Nauru Ijuw 178
1%
Denmark Ikast 15,662
1%
Slovakia Ilava 5,464
1%
Portugal Ílhavo 10,505
1%
North Macedonia Ilinden 5,270
1%
Algeria Illizi 13,029
1%
Dominican Republic Imbert 30,514
1%
Belize Independence 4,014
1%
Serbia Inđija 26,025
1%
Indonesia Indramayu 119,109
1%
Australia Innisfail 7,241
1%
Ireland Innishannon 907
1%
Panama Ipetí 727
1%
Central African Republic Ippy 15,196
1%
Chad Iriba 33,572
1%
Bangladesh Ishwardi 66,255
1%
Kenya Isiolo 78,650
1%
Uzbekistan Iskandar 26,161
1%
Iraq Iskandariya 100,619
1%
Zambia Isoka 17,295
1%
Ivory Coast Issia 52,660
1%
Nepal Itahari 76,869
1%
Paraguay Itauguá 84,400
1%
South Africa Itsoseng 19,959
1%
Argentina Ituzaingó 21,100
1%
Guatemala Ixcán 12,710
1%
Slovenia Izola 11,682
1%
Papua New Guinea Ialubi 2,014
0%
Gabon Iboundji 1,767
0%
Comoros Iconi 6,032
0%
Cameroon Idenau 30,000
0%
F. S. Micronesia Ifalik 578
0%
Benin Ifangni 31,984
0%
Maldives Ihavandhoo 2,575
0%
Malta Iklin 3,422
0%
South Sudan Ikotos 25,000
0%
Latvia Ikšķile 7,270
0%
Haiti Île de la Tortue 35,347
0%
Niger Illéla 22,491
0%
Switzerland Illnau-Effretikon 17,333
0%
Afghanistan Imam Sahib 9,691
0%
Azerbaijan Imishli 34,300
0%
Andorra Incles 538
0%
Ethiopia Inda Silase 70,800
0%
Kazakhstan Inderbor 13,254
0%
Myanmar Ingapu 13,320
0%
Guinea-Bissau Ingoré 8,107
0%
Honduras Intibucá 25,570
0%
Thailand Isan 20,629
0%
Vanuatu Isangel 1,200
0%
Hungary Isaszeg 11,264
0%
Kyrgyzstan Isfana 22,601
0%
Uruguay Isidoro Noblía 2,331
0%
Venezuela Isla Ratón 3,000
0%
Tajikistan Istarawshan 65,600
0%
Kosovo Istok 5,115
0%
Guyana Ituni 676
0%
Czech Republic Ivančice 9,760
0%
Croatia Ivanić-Grad 9,379
0%
Belarus Ivatsevichy 22,200
0%
Bolivia Ivirgarzama 6,366
0%
No matching quizzes found
Score Distribution
Percent of People with Each Score
Percentile by Number Answered
Your Score History
You have not taken this quiz